Tam quốc diễn nghĩa, tập 1

Αποθηκεύτηκε σε:
Λεπτομέρειες βιβλιογραφικής εγγραφής
Μορφή: Βιβλίο
Έκδοση: 2007
Ετικέτες: Προσθήκη ετικέτας
Δεν υπάρχουν, Καταχωρήστε ετικέτα πρώτοι!
Thư viện lưu trữ: Mạng thư viện Đại học Đà Nẵng
LEADER 00439nam a22001811a 4500
001 000040802
003 17097
005 20160412023359.0
008 160412s2007 000
082 |a N23211 
245 |a Tam quốc diễn nghĩa, tập 1  |c La Quán Trung 
260 |c 2007 
OWN |a LNN 
999 |a From the UDN01 
TYP |a Monograph 
980 |a Mạng thư viện Đại học Đà Nẵng